| 000 | 00346nam a2200133Ia 4500 | ||
|---|---|---|---|
| 008 | 191014s9999 xx 000 0 und d | ||
| 020 | _a978-81-203-0086-6 | ||
| 082 |
_a515 _bWID |
||
| 100 |
_aDavid v. Widder _923964 |
||
| 245 | 0 | _aAdvanced Calculus(Second Edition) | |
| 260 |
_aIndia _bPrentice Hall _c2007 |
||
| 300 | _aXvi,520 | ||
| 942 | _cBK | ||
| 999 |
_c531113 _d531113 |
||